[Event "Mar del Plata op 37th"]
[Site "Mar del Plata"]
[Date "2006.04.08"]
[Round "1"]
[White "Ripari, Marcelo"]
[Black "Izaguirre, Carlos"]
[Result "1-0"]
[WhiteElo "2324"]
[BlackElo "2035"]
[PlyCount "39"]
[EventDate "2006.04.08"]
[EventType "swiss"]
[EventRounds "9"]
[EventCountry "ARG"]
[SourceTitle "CBM 111 Extra"]
[Source "ChessBase"]
[SourceDate "2006.05.09"]
[SourceVersion "1"]
[SourceVersionDate "2006.05.09"]
[SourceQuality "1"]

1. e4 e5 2. Nf3 Nc6 3. Nc3 Bc5 4. Nxe5 Nxe5 5. d4 Bb4 6. dxe5 d6 7. Qd3 Ne7 8. exd6 Bxd6 9. Be3 0-0 10. 0-0-0 Be6 11. f4 f6 12. e5 fxe5 13. fxe5 Bb4 14. Qe4 Qxd1+ 15. Kxd1 Rad8+ 16. Bd3 Nf5 17. Kc1 Bxc3 18. bxc3 Bd5 19. Qf4 Be6 20. Bc4 1-0